| 000 | 01788nam a2200265Ia 4500 | ||
|---|---|---|---|
| 008 | 260220t2005||||xx |||||||||||||| ||spa|| | ||
| 020 | _a9992589183 | ||
| 040 |
_aPY-SlUNAC _bspa _erda |
||
| 041 | _aspa | ||
| 082 |
_a301.989 2 _bN164n |
||
| 245 | 0 |
_aNarración Ava Guaraní : _bde la comunidad indígena Pindoju |
|
| 250 | _aPrimera edición | ||
| 264 |
_aAsunción : _bUniversidad Evangélica del Paraguay, _c℗2005. |
||
| 300 | _a125 páginas | ||
| 490 |
_aAva Guarani Ayvu ; _vnúmero 21 |
||
| 520 | _aLa narración "Ava Guaraní" de la comunidad indígena Pindoju, ubicada en el distrito de Kuruguaty, departamento de Kanindeju, ofrece una visión profunda de la cultura y tradiciones de este grupo étnico. A través de relatos orales, se exploran temas como la conexión con la tierra, la espiritualidad y la identidad cultural, destacando la importancia de la lengua guaraní como vehículo de transmisión de conocimientos y valores. Este libro, publicado por Etigrat en 2005, no solo preserva la herencia cultural de los Ava Guaraní, sino que también sirve como un recurso educativo para entender la diversidad cultural de Paraguay. Al presentar las vivencias y creencias de la comunidad, se busca fomentar el respeto y la apreciación hacia las culturas indígenas, al tiempo que se confrontan los desafíos contemporáneos que enfrentan estas comunidades. Así, la obra se convierte en un testimonio valioso del patrimonio cultural y la resiliencia de los pueblos originarios en el contexto actual. | ||
| 653 | _aCultura indígena | ||
| 653 | _aLiteratura indígena | ||
| 653 | _aNarrativa | ||
| 942 |
_b2026/02/17 _cBK |
||
| 999 |
_c6937 _d6937 |
||